000 01262nam0a22002891 4500
001 rc\2271108
005 20260408001936.0
035 _a(NLR Aleph) 006552093
090 _a6751600
_c6751600
100 _a20110829d1977 u y0rusy50 ca
101 0 _arus
102 _aRU
105 _aa z |||||
200 1 _aОб опыте реконструкции существующих ферм КРС в совхозе Митрофановский Челябинской области
_fМ-во сел. хоз-ва РСФСР, Гл. упр. капит. стр-ва в совхозах и других гос. предприятиях, Трест "Оргтехсовхозстрой"
210 _aМосква
_cБ. и.
_d1977
215 _a22 с.
_cил.
_d27
606 _aМолочнотоварные фермы
_xРеконструкция
_yЧелябинская обл.
_2psbo
686 _aП072.9-987
_2rubbk
686 _aП9(2р36-44е)07
_2rubbk
702 1 _aМатвеев
_bВ.В.
_4220
712 0 2 _a"Оргтехсовхозстрой", трест
_cМосква
_3RU\NLR\AUTH\8810166265
_9828516
801 0 _aRU
_bNLR
_gpsbo
801 1 _aRU
_bELAR
_2rusmarc
852 _aNLR
_j77-8/1444
899 _aRuMoRGB
_jМ 77-13/166
942 _cBOOK
980 _aNB